000
00191 a2200097 4500
020
_a
9780516258911
041
_a
spa
100
_a
Bring Mcdaniel becky
245
_a
Kathy lo hizo
942
_c
BK
999
_c
10803
_d
10803